La Avispa: revista de teoría y debate /
שמור ב:
| מחבר תאגידי: | |
|---|---|
| פורמט: | ספר |
| שפה: | Spanish |
| יצא לאור: |
Managua, Nicaragua:
Instituto para el Desarrollo de la Democracia,
1990-
|
| נושאים: | |
| תגים: |
הוספת תג
אין תגיות, היה/י הראשונ/ה לתייג את הרשומה!
|
MARC
| LEADER | 00000nam a22000007a 4500 | ||
|---|---|---|---|
| 003 | cru CIDCACS/IIS | ||
| 005 | 20200925111620.0 | ||
| 008 | 200925s1990 nq |||p|r||||||0| ||spa|d | ||
| 999 | |c 43399 |d 43399 | ||
| 040 | |c cru CIDCACS/IIS | ||
| 090 | |a REV0043 | ||
| 110 | 2 | |9 9624 |a Instituto para el Desarrollo de la Democracia (Nicaragua) | |
| 245 | 1 | 3 | |a La Avispa: |b revista de teoría y debate / |c Instituto para el Desarrollo de la Democracia |
| 260 | |a Managua, Nicaragua: |b Instituto para el Desarrollo de la Democracia, |c 1990- | ||
| 270 | |d Nicaragua |e Apdo. 4162 | ||
| 500 | |a EXISTENCIAS : 1990 (1) 1991 (2, 4) 1992 (8-11) 1993 (12) ANTES EDITADA SOLO POR EL CIPRES DEL N. 12. ANTES: BIMENSUAL DE TEORIA Y DEBATE PERIODICIDAD :Trimestral | ||
| 500 | |a Ya no se recibe | ||
| 650 | 7 | |9 9625 |a FRENTE SANDINISTA DE LIBERACION NACIONAL, NI | |
| 650 | 0 | |9 138 |a PAZ | |
| 650 | 0 | |9 2520 |a CRISIS | |
| 650 | 0 | |9 83 |a DEMOCRACIA | |
| 650 | 0 | |9 4355 |a ASPECTOS ECONOMICOS | |
| 650 | 0 | |9 3066 |a ASPECTOS POLITICOS | |
| 651 | 0 | |9 1861 |a NICARAGUA | |
| 651 | 0 | |9 308 |a CENTROAMERICA | |
| 942 | |2 ddc |c PP | ||
